01037 a2200193 45000010006000000050017000060080041000230030015000640400040000790800038001192450020001570200022001772640037001993000027002365050426002631000018006897000024007078560112007311465720260407155448.0260407a2004 arg spa dAR-UNSa-BCEJYS aAR-UNSa-BCEJYSbspacAR-UNSa-BCEJYS a331.5xMercado de Trabajo. Empleo10aLabor economics a978-0-262-03316-9 1aCambridge :bThe MIT Pressc2004 axxxiii, 844 p.c23 cm. a1. Labor supply - 2. Education and human capital - 3. Job Search - 4. Labor demand - 5. Compensating wage differentials and discrimination - 6. Contracts, Risk-Sharing, and incentive - 7. Collective bargaining - 8. Unemployment and inflation - 9. Job reallocation and unemployment - 10. Technological progress, globalization, and inequalities - 11. Labor market policies - 12. Institutions and labor market performance - 1 aCahuc, Pierre1 aZylberberg, André41uhttps://biblioeco.unsa.edu.ar/pmb/images/libros/Labor economics2-l118983.jpgyImagen de portadaqimage/jpeg